Дело о службе, состоявшего в ведомстве Театральной дирекции, уволенного по прошению, коллежского секретаря Ивана Назаревского

Доступно только в Электронных читальных залах Найти на картеНа карте
RUSMARC
00003652nmc2a22000003x 450
0014cdf59c4-e5cd-46b6-b239-4ecfa5b6285d
00520181010010349.0
100##$a20161223l18221847k l0rusy0189 ca
1010#$arus
102##$aRU
2001#$aДело о службе, состоявшего в ведомстве Театральной дирекции, уволенного по прошению, коллежского секретаря Ивана Назаревского
$j19 мая 1822 г. - 14 ноября 1847 г.
251##$cДело
300##$aДело
801#0$aRU
$bРГИА
$c20161223
$gRCR
801#1$aRU
$bГлавНИВЦ
$c20161223
$2rusmarc
801#2$aRU
$bПБ им. Б.Н. Ельцина
$c20181010
$gRCR
$2rusmarc
850##$aРГИА
852##$aРГИА
$eФедеральное казенное учреждение "Российский государственный исторический архив" (РГИА)
$j2236
937##$hРГИА
$d12236483
$aASBIBLIO_SCAN
462#0$1001dd3991dc-24e1-42ec-8838-ca4255420416
$12001
$a1746-1850 гг.
$1251
$cОпись
$1852
$j1
461#0$10019264ebf8-de62-4f1a-9eb4-9f22098dbbd5
$12001
$aДирекция императорских театров МИДв
$1251
$cФонд
$1852
$j497
215##$a19 л.
$d36,5х26 см
371##$aДокумент не является опубликованным и широко распространяемым
105##$ay###
1222#$ad
035##$a4cdf59c4-e5cd-46b6-b239-4ecfa5b6285d
856##$uhttp://readingroom.main.prlib.ru/item.aspx?id_node=n119119714&mode=full
Формат отображения